000 00859nam a2200241Ia 4500
003 OSt
005 20220923214537.0
006 a|||||r|||| 00| 0
007 ta
008 220922b |||||||| |||| 00| 0 hin d
024 _a170,633
037 _cTextual
040 _aARTS
_cARTS
_bhin
041 _2hin
_ahin
082 _aO152,3:gN, 152L4
100 _aअरोड़ा, अतुलवीर
_9156271
245 0 _aआधुनिकता के संदर्भ में आज का हिन्दी उपन्यास 1936 से 1968
246 _aĀdhunikatā ke sandarbha mean āj kā hindī upanyās 1936 se 1968
260 _c1974
650 _aहिन्दी साहित्य
_9156264
942 _hO152,3:gN, 152L4
_cTEXL
_2CC
999 _c324917
_d324917